000 00907nam a2200253Ia 4500
003 OSt
005 20221005111114.0
006 a|||||r|||| 00| 0
007 ta
008 221004b |||||||| |||| 00| 0 hin d
020 _a9789350000700 (hbk)
_c51
024 _a104241
037 _b372, 17/02/2011, Vani Prakashan
_cTextual
040 _aCRL
_cCRL
_bhin
041 _2hin
_ahin
082 _aO152,2N273,AG, P8
100 _aसक्सेना, सर्वेश्वर दयाल
245 0 _aअब गरीबी हटाओ
246 _aAb garībī haṭāo
260 _aनई दिल्ली
_bवाणी प्रकाशन भारत
_c2008
300 _a47पृ0
_ccm.
942 _hO152,2N273,AG, P8
_cTEXL
_2cc
999 _c1020836
_d1020836